000 01097nam0a2200301 4500
001 RU\NLR\bibl\1009351
005 20260409080432.0
010 _a5-86181-363-9
_93000
021 _aRU
_b2006-63029
_93142
035 _a(NLR Aleph) 000996993
090 _a554597
_c554597
100 _a20061116d2006 |||y0rusy50 ca
101 0 _arus
102 _aRU
105 _ay |||||||||
200 1 _aНад страницами древней Псалтири
_fГалина Красненкова
210 _aМосква
_cТриада
_d2006
215 _a751 с.
_d21
500 _aБиблия
_iВ.З
_iПсалтирь
_3RU\NLR\auth\553037
_92631012
605 _aБиблия
_iВетхий Завет
_iПсалтырь
_xТолкование
_92191472
_3RU\NLR\auth\661317340
686 _aЭ37-210.913
700 1 _aКрасненкова
_bГ. Д.
_f1959-
_gГалина Дмитриевна
_4070
801 0 _aRU
_bNLR
_c20061116
_grcr
801 1 _aRU
_bNLR
_c20061116
942 _cBOOK
980 _aNB